[Event "III Festival Marche Estate Magistrale"]
[Site "Falconara Marittima ITA"]
[Date "2005.07.19"]
[Round "2"]
[White "Stromboli, Carlo"]
[Black "Okhotnik, Vladimir"]
[Result "0-1"]
[WhiteElo "2158"]
[BlackElo "2404"]
[PlyCount "94"]
[EventDate "2005.07.18"]

1.e4 g6 2.d4 Bg7 3.Nf3 d6 4.Bc4 Nc6 5.O-O h6 6.h3 e5 7.Be3 Nf6 8.Nbd2 O-O 
9.dxe5 dxe5 10.Re1 Qe7 11.c3 Nd8 12.Qc2 Nh5 13.Rad1 Ne6 14.Nf1 Nhf4 15.Bc1
c6 16.Ne3 b5 17.Bf1 Nc5 18.Kh2 h5 19.g3 Nfe6 20.b3 f6 21.Nh4 Qf7 22.Rd6 
Re8 23.Red1 Bf8 24.R6d2 Ng5 25.Bg2 Nce6 26.b4 a5 27.a3 axb4 28.axb4 Be7 
29.Qb3 Nf8 30.Qxf7+ Nxf7 31.Nf3 Be6 32.Rb2 Nd7 33.Bf1 Nb6 34.Nd2 Red8 35.
Re1 Ra3 36.c4 Na4 37.Rc2 Rc3 38.cxb5 Bxb4 39.Rxc3 Bxc3 40.Rd1 c5 41.Ndc4 
Bd4 42.Bd2 Bxe3 43.fxe3 Bxc4 44.Bxc4 Nb2 45.Bxf7+ Kxf7 46.Rb1 Rxd2+ 47.Kh1
c4 0-1

[Event "III Festival Marche Estate Magistrale"]
[Site "Falconara Marittima ITA"]
[Date "2005.07.19"]
[Round "2"]
[White "Stromboli, Ettore"]
[Black "Rinaudo, Sergio"]
[Result "1-0"]
[WhiteElo "2192"]
[BlackElo "2087"]
[PlyCount "51"]
[EventDate "2005.07.18"]

1.e4 e5 2.Nf3 Nf6 3.Nxe5 d6 4.Nf3 Nxe4 5.d4 d5 6.Bd3 Nc6 7.O-O Be7 8.c4 
Bg4 9.cxd5 Qxd5 10.Nc3 Nxc3 11.bxc3 O-O 12.Rb1 Bd6 13.Rb5 Bxf3 14.gxf3 Qe6
15.Rg5 Ne7 16.Kh1 Nd5 17.Rfg1 g6 18.R5g4 Qf6 19.Bg5 Qe6 20.Qd2 Kh8 21.c4 
Nb4 22.Re1 Qxe1+ 23.Qxe1 Nxd3 24.Bf6+ Kg8 25.Qe3 Nf4 26.Rxf4 1-0

[Event "III Festival Marche Estate Magistrale"]
[Site "Falconara Marittima ITA"]
[Date "2005.07.19"]
[Round "2"]
[White "Tencati, Giuseppe"]
[Black "Santurbano, Maria Vincenza"]
[Result "1-0"]
[WhiteElo "2109"]
[BlackElo "2001"]
[PlyCount "95"]
[EventDate "2005.07.18"]

1.d4 Nf6 2.c4 c5 3.d5 d6 4.Nc3 e6 5.e4 exd5 6.cxd5 g6 7.Nf3 a6 8.a4 Bg4 9.
Be2 Bxf3 10.Bxf3 Bg7 11.O-O O-O 12.Re1 Nbd7 13.Be2 Re8 14.Bf1 Qc7 15.h3 c4
16.Qc2 Rab8 17.a5 Ra8 18.Bd2 b5 19.axb6 Nxb6 20.Na4 Nfd7 21.Nxb6 Qxb6 22.
Ra2 Qb3 23.Qxc4 Qxc4 24.Bxc4 Nc5 25.f3 Reb8 26.b4 Bd4+ 27.Kf1 Nd7 28.Rxa6 
Rxa6 29.Bxa6 Ra8 30.Bb5 Nf6 31.Ke2 Ra3 32.Rb1 Nh5 33.Bc6 Ng3+ 34.Ke1 f5 
35.Bf4 fxe4 36.Bxg3 exf3 37.gxf3 Rxf3 38.Bxd6 Rxh3 39.Ke2 h5 40.Bd7 Re3+ 
41.Kd2 Rf3 42.Be6+ Kg7 43.b5 Bb6 44.Be5+ Kh6 45.Bb8 h4 46.d6 Ba5+ 47.Ke2 
Rf6 48.Bd5 1-0

[Event "III Festival Marche Estate Magistrale"]
[Site "Falconara Marittima ITA"]
[Date "2005.07.19"]
[Round "2"]
[White "Tomba, Ivan"]
[Black "Dekker, Bart"]
[Result "0-1"]
[WhiteElo "2232"]
[BlackElo "2144"]
[PlyCount "106"]
[EventDate "2005.07.18"]

1.e4 c5 2.Nf3 d6 3.d4 cxd4 4.Nxd4 Nf6 5.Nc3 g6 6.Be3 Bg7 7.f3 O-O 8.Qd2 
Nc6 9.O-O-O Bd7 10.g4 Rc8 11.h4 h5 12.Nd5 hxg4 13.h5 Nxh5 14.Nxc6 bxc6 15.
Bh6 e5 16.Nc3 d5 17.Ba6 Rb8 18.Be2 d4 19.Na4 Qe7 20.Rxh5 gxh5 21.Nc5 Be6 
22.fxg4 Kh7 23.Bxg7 Kxg7 24.Rh1 Rh8 25.Nxe6+ Qxe6 26.Qg5+ Kf8 27.Kb1 h4 
28.Bc4 Qe7 29.Qf5 Kg7 30.g5 Rh5 31.Rg1 Rbh8 32.Be2 Qe6 33.Bxh5 Qxf5 34.
exf5 Rxh5 35.Kc1 h3 36.Kd2 h2 37.Rh1 Rxg5 38.Rxh2 Rxf5 39.Kd3 Rg5 40.b4 f5
41.Kc4 f4 42.Kd3 Kf6 43.Ke4 Rg3 44.Rh6+ Kg5 45.Rxc6 Re3+ 46.Kd5 f3 47.Rc7 
Kg4 48.Rg7+ Kh3 49.Rxa7 f2 50.Rf7 Kg2 51.Rxf2+ Kxf2 52.b5 Ra3 53.Kxe5 Ke3 
0-1

[Event "III Festival Marche Estate Magistrale"]
[Site "Falconara Marittima ITA"]
[Date "2005.07.19"]
[Round "3"]
[White "Astengo, Corrado"]
[Black "Cecchetto, Vanni"]
[Result "1-0"]
[WhiteElo "2129"]
[BlackElo "2019"]
[PlyCount "47"]
[EventDate "2005.07.18"]

1.e4 c5 2.Nf3 Nc6 3.d4 cxd4 4.Nxd4 e5 5.Nb5 d6 6.c4 a6 7.N5c3 Be7 8.b3 Be6
9.Bb2 Nh6 10.Bd3 O-O 11.O-O f5 12.exf5 Bxf5 13.Bxf5 Nxf5 14.Nd2 Qe8 15.Qg4
h5 16.Qe4 h4 17.h3 Bg5 18.Nf3 Bf4 19.Nd5 Nfd4 20.Bxd4 Nxd4 21.Nxh4 Qh5 22.
Ng6 Qe2 23.Rae1 Qxa2 24.Ngxf4 1-0

[Event "III Festival Marche Estate Magistrale"]
[Site "Falconara Marittima ITA"]
[Date "2005.07.19"]
[Round "3"]
[White "Castrogiovanni, Carlo"]
[Black "Stromboli, Carlo"]
[Result "1-0"]
[WhiteElo "2108"]
[BlackElo "2158"]
[PlyCount "79"]
[EventDate "2005.07.18"]

1.Nf3 e6 2.g3 b6 3.Bg2 Bb7 4.c4 Nf6 5.Nc3 c5 6.O-O Be7 7.b3 O-O 8.Bb2 Nc6 
9.d4 d5 10.cxd5 exd5 11.e3 Rc8 12.Qd2 Qc7 13.dxc5 bxc5 14.Nxd5 Nxd5 15.
Qxd5 Nd4 16.Qh5 Bxf3 17.Bxf3 g6 18.Qg4 Nxf3+ 19.Qxf3 c4 20.Rfc1 Qa5 21.
bxc4 Qb4 22.Qe2 Rfd8 23.Bd4 Bf8 24.Rab1 Qe7 25.Qf3 Bg7 26.Rb7 Rd7 27.Rxd7 
Qxd7 28.Qe4 Qa4 29.Qc2 Qd7 30.Bxg7 Kxg7 31.c5 Qc6 32.Qc4 h5 33.a4 a6 34.h3
Rc7 35.Qd4+ Kg8 36.Rb1 Rc8 37.Rb6 Qxc5 38.Qxc5 Rxc5 39.Rxa6 Rc4 40.Kg2 1-0

[Event "III Festival Marche Estate Magistrale"]
[Site "Falconara Marittima ITA"]
[Date "2005.07.19"]
[Round "3"]
[White "Dekker, Bart"]
[Black "Gromovs, Sergejs"]
[Result "1/2-1/2"]
[WhiteElo "2144"]
[BlackElo "2375"]
[PlyCount "97"]
[EventDate "2005.07.18"]

1.d4 d5 2.c4 Bf5 3.cxd5 Bxb1 4.Qa4+ c6 5.Rxb1 Qxd5 6.f3 e5 7.dxe5 Nd7 8.e4
Qxe5 9.Nh3 Nb6 10.Qb3 Bc5 11.Bf4 Qe7 12.Bd3 Nf6 13.Nf2 O-O 14.O-O Rad8 15.
Rbe1 Rd7 16.Bb1 Qe6 17.Qc2 Qc4 18.b3 Qxc2 19.Bxc2 Rfd8 20.Bg5 h6 21.Be3 
Bxe3 22.Rxe3 Rd2 23.Bb1 a5 24.Rd3 R8xd3 25.Nxd3 Nfd7 26.Rf2 Rd1+ 27.Rf1 
Rxf1+ 28.Kxf1 Kf8 29.Ke2 Ke7 30.Ke3 Kd6 31.Kd4 Nc8 32.e5+ Ke7 33.f4 f6 34.
g4 Ncb6 35.a3 Nd5 36.Bc2 Nc7 37.a4 Ne6+ 38.Ke4 g6 39.h4 g5 40.hxg5 hxg5 
41.f5 Nec5+ 42.Nxc5 Nxc5+ 43.Kd4 b6 44.e6 Kd6 45.Bd1 Na6 46.Be2 Nc7 47.Bd1
b5 48.Bf3 Na6 49.Be2 1/2-1/2

[Event "III Festival Marche Estate Magistrale"]
[Site "Falconara Marittima ITA"]
[Date "2005.07.19"]
[Round "3"]
[White "Faber, Hugo"]
[Black "Tencati, Giuseppe"]
[Result "0-1"]
[WhiteElo "2167"]
[BlackElo "2109"]
[PlyCount "138"]
[EventDate "2005.07.18"]

1.e4 e6 2.d4 d5 3.Nd2 Nf6 4.e5 Nfd7 5.f4 c5 6.c3 Nc6 7.Ndf3 cxd4 8.cxd4 
Qb6 9.g3 Bb4+ 10.Kf2 f6 11.Kg2 Nf8 12.Bd3 Bd7 13.Ne2 O-O-O 14.a3 Be7 15.b4
Kb8 16.Bd2 Rc8 17.Rb1 Be8 18.Qb3 Bg6 19.Bxg6 Nxg6 20.a4 Rc7 21.h4 Rhc8 22.
h5 Nh8 23.Rhc1 Nf7 24.f5 Ng5 25.Bf4 Nxf3 26.Rxc6 Rxc6 27.Qxf3 Ka8 28.fxe6 
Rxe6 29.b5 Rc2 30.Qd3 Ra2 31.Rc1 a6 32.Kh3 Qd8 33.Nc3 Ra3 34.Qxh7 fxe5 35.
dxe5 d4 36.Ne4 Qf8 37.Kh2 Rf3 38.bxa6 Rxf4 39.axb7+ Kxb7 40.Nf6 Rfxf6 41.
exf6 Rxf6 42.Qe4+ Kb8 43.Qe5+ Bd6 44.Qb5+ Ka8 45.Qc6+ Ka7 46.Qd7+ Kb8 47.
Rb1+ Bb4 48.Qb5+ Kc7 49.Rxb4 Rf2+ 50.Kg1 Rf1+ 51.Qxf1 Qxb4 52.Qf7+ Kc6 53.
Qxg7 Qe1+ 54.Kg2 Qe2+ 55.Kg1 d3 56.Qf6+ Kd5 57.Qd8+ Kc4 58.Qc7+ Kd4 59.
Qd6+ Kc3 60.Qa3+ Kc4 61.Qc1+ Kb3 62.Qb1+ Kc3 63.Qc1+ Qc2 64.Qa3+ Kc4 65.
Qd6 d2 66.Qc6+ Kb3 67.Qd5+ Kb2 68.Qd4+ Ka2 69.Qd5+ Ka1 0-1

[Event "III Festival Marche Estate Magistrale"]
[Site "Falconara Marittima ITA"]
[Date "2005.07.19"]
[Round "3"]
[White "Ferretti, Folco"]
[Black "Drazic, Sinisa"]
[Result "1/2-1/2"]
[WhiteElo "2272"]
[BlackElo "2497"]
[PlyCount "172"]
[EventDate "2005.07.18"]

1.Nf3 d6 2.d4 Bg4 3.e4 Nf6 4.Nc3 e6 5.h3 Bh5 6.Qe2 a6 7.g4 Bg6 8.h4 h6 9.
h5 Bh7 10.g5 hxg5 11.Bxg5 Be7 12.O-O-O Nxe4 13.Bxe7 Nxc3 14.Bxd8 Nxe2+ 15.
Bxe2 Kxd8 16.Rdg1 Ke7 17.Rxg7 Kf6 18.Rg3 Nc6 19.Rh4 Rag8 20.Rf4+ Ke7 21.
Nh4 Nb4 22.Rgf3 Rg7 23.Bc4 d5 24.Be2 a5 25.a3 Nc6 26.Rb3 b6 27.Rc3 Kd6 28.
Nf3 Bf5 29.Kd2 Rh6 30.Ke3 f6 31.Nh4 Ne7 32.b4 axb4 33.axb4 Rg5 34.b5 Rh8 
35.Nxf5+ Nxf5+ 36.Kd2 Kd7 37.Bg4 Nd6 38.Rb3 Ke7 39.Be2 Rh6 40.Ra3 Kd7 41.
Rh3 Rg1 42.f3 Rg2 43.Rg4 Rxg4 44.fxg4 Rh8 45.Bd3 Ke7 46.Ke3 Kf7 47.Kf4 Kg7
48.g5 fxg5+ 49.Kxg5 Nf7+ 50.Kg4 Rh6 51.Bg6 Nh8 52.Rc3 Kf6 53.Bd3 Nf7 54.
Rxc7 Rh8 55.Rb7 Rg8+ 56.Kf4 Rg1 57.Rxb6 Rh1 58.Rc6 Rh4+ 59.Ke3 Rxh5 60.b6 
Rh1 61.Ba6 Re1+ 62.Kd3 Rb1 63.b7 Nd8 64.Rc7 Rb2 65.Rd7 Nc6 66.Kc3 Rb6 67.
Be2 Na5 68.Rd6 Rxb7 69.Bg4 Rc7+ 70.Kd3 Re7 71.c3 Nc4 72.Rc6 Kf7 73.Bh5+ 
Kg7 74.Ra6 Kf6 75.Bg4 Re8 76.Ke2 Nb2 77.Ke3 Re7 78.Ke2 Kg5 79.Rxe6 Rc7 80.
Bf3 Rxc3 81.Bxd5 Rc2+ 82.Kf3 Rc3+ 83.Re3 Rc1 84.Bb3 Kf5 85.d5 Nc4 86.Bxc4 
Rxc4 1/2-1/2

[Event "III Festival Marche Estate Magistrale"]
[Site "Falconara Marittima ITA"]
[Date "2005.07.19"]
[Round "3"]
[White "Giacometti, Carlo"]
[Black "Brigati, Alessandro"]
[Result "0-1"]
[WhiteElo "2089"]
[BlackElo "2034"]
[PlyCount "56"]
[EventDate "2005.07.18"]

1.Nc3 Nf6 2.d4 g6 3.e4 d6 4.Be2 Bg7 5.Be3 c6 6.Qd2 b5 7.f3 Bb7 8.Bh6 Bxh6 
9.Qxh6 Nbd7 10.Nh3 a6 11.Ng5 Qa5 12.O-O Qb4 13.Qg7 Qxd4+ 14.Kh1 Rf8 15.
Nxh7 Rg8 16.Nxf6+ Nxf6 17.Qh6 O-O-O 18.Rfd1 Qc5 19.Qh3+ Kc7 20.g4 b4 21.
Nb1 Qxc2 22.Qf1 Rh8 23.Nd2 Qc5 24.Rac1 Qe3 25.Nc4 Qf4 26.Qg1 c5 27.Ne3 Rh3
28.Ng2 Qe5 0-1

[Event "III Festival Marche Estate Magistrale"]
[Site "Falconara Marittima ITA"]
[Date "2005.07.19"]
[Round "3"]
[White "Maksimenko, Andrei"]
[Black "Capuano, Eugenio"]
[Result "1-0"]
[WhiteElo "2505"]
[BlackElo "2173"]
[PlyCount "61"]
[EventDate "2005.07.18"]

1.d4 d5 2.c4 c6 3.Nf3 Nf6 4.Nc3 a6 5.c5 Nbd7 6.Bf4 Nh5 7.e3 Nxf4 8.exf4 
Qc7 9.Qd2 g6 10.Bd3 Bg7 11.O-O O-O 12.Rfe1 Re8 13.g3 Nf8 14.h4 f6 15.h5 
gxh5 16.Nh4 e5 17.f5 Bd7 18.Be2 Re7 19.Bxh5 Be8 20.Bxe8 Raxe8 21.b4 exd4 
22.Rxe7 Rxe7 23.Ne2 Bh6 24.f4 Re4 25.Nxd4 Qg7 26.Kf2 Qg4 27.Rh1 Nd7 28.
Nhf3 Bf8 29.Rh4 Qg7 30.Ne6 Qf7 31.Nfd4 1-0

[Event "III Festival Marche Estate Magistrale"]
[Site "Falconara Marittima ITA"]
[Date "2005.07.19"]
[Round "3"]
[White "Mazzariol, Oscar"]
[Black "Raineri, Valerio"]
[Result "1-0"]
[WhiteElo "2078"]
[BlackElo "2145"]
[PlyCount "107"]
[EventDate "2005.07.18"]

1.e4 e5 2.Nf3 Nc6 3.Bb5 a6 4.Ba4 Nge7 5.c3 d6 6.d4 Bd7 7.O-O Ng6 8.Re1 Be7
9.Nbd2 O-O 10.Nf1 Qe8 11.d5 Nb8 12.Bxd7 Nxd7 13.Ng3 Bf6 14.Be3 Nf4 15.Nf5 
g6 16.Nh6+ Kh8 17.g3 Nh5 18.Ng4 Bg7 19.Ng5 Nhf6 20.Nxf6 Nxf6 21.f3 Qd7 22.
Kg2 h6 23.Nh3 Rae8 24.Qd2 Ng8 25.Nf2 f5 26.h3 Rf7 27.Nd3 fxe4 28.fxe4 Ref8
29.Qe2 Nf6 30.Bg1 Nh5 31.Rf1 Rxf1 32.Rxf1 Rxf1 33.Qxf1 Qa4 34.Qf3 Qxa2 35.
Be3 Qb1 36.Qe2 Nf6 37.Bc1 Nd7 38.g4 c5 39.dxc6 bxc6 40.Be3 a5 41.Nf2 Qa2 
42.Qa6 Qxb2 43.Qxc6 Nf6 44.Kf3 Qb8 45.c4 Qb4 46.c5 dxc5 47.Bxc5 Qc3+ 48.
Kg2 Nd7 49.Qa8+ Kh7 50.Be7 Bf6 51.Qe8 Qc7 52.Qf7+ Bg7 53.Bf8 Nxf8 54.Qxc7 
1-0

[Event "III Festival Marche Estate Magistrale"]
[Site "Falconara Marittima ITA"]
[Date "2005.07.19"]
[Round "3"]
[White "Okhotnik, Vladimir"]
[Black "Dvirnyy, Danyyil"]
[Result "1-0"]
[WhiteElo "2404"]
[BlackElo "2141"]
[PlyCount "71"]
[EventDate "2005.07.18"]

1.e4 c5 2.Nf3 Nc6 3.Bb5 g6 4.Bxc6 dxc6 5.h3 Bg7 6.d3 Nf6 7.Nc3 Nd7 8.a3 
Nf8 9.O-O Ne6 10.Be3 O-O 11.Nh2 Nd4 12.Na4 b6 13.b4 Ne6 14.Ra2 c4 15.dxc4 
Ba6 16.Qe2 Nd4 17.Qd3 b5 18.Nc5 bxc4 19.Qd1 Bc8 20.c3 Nb5 21.Bd2 Nxc3 22.
Bxc3 Bxc3 23.Qc2 Bg7 24.Rd1 Qc7 25.Qxc4 a5 26.Nf3 axb4 27.axb4 Rxa2 28.
Qxa2 Rd8 29.Rxd8+ Qxd8 30.Qa5 Qd1+ 31.Kh2 Qd6+ 32.g3 Qd1 33.Qa8 Qxf3 34.
Qxc8+ Bf8 35.Kg1 Kg7 36.Nd7 1-0

[Event "III Festival Marche Estate Magistrale"]
[Site "Falconara Marittima ITA"]
[Date "2005.07.19"]
[Round "3"]
[White "Rago, Riccardo"]
[Black "Stromboli, Ettore"]
[Result "1/2-1/2"]
[WhiteElo "2111"]
[BlackElo "2192"]
[PlyCount "169"]
[EventDate "2005.07.18"]

1.e4 e6 2.d4 d5 3.Nd2 c5 4.Ngf3 Nc6 5.exd5 exd5 6.dxc5 Bxc5 7.Nb3 Bd6 8.c3
Nge7 9.h3 O-O 10.Bd3 Re8 11.O-O Bf5 12.Bxf5 Nxf5 13.Qd3 Qd7 14.Bd2 a6 15.
Rfe1 b5 16.Kf1 Nfe7 17.Nbd4 Nxd4 18.Nxd4 Nc6 19.Rxe8+ Rxe8 20.Nxc6 Qxc6 
21.Rd1 Bc7 22.Be3 Rd8 23.Bd4 Qd6 24.Qe3 Qc6 25.Re1 h6 26.Qe7 Rc8 27.Qc5 
Bd6 28.Qxc6 Rxc6 29.Re8+ Kh7 30.Rd8 Kg6 31.Rd7 b4 32.cxb4 Bxb4 33.Rxd5 Re6
34.Be3 Rc6 35.Bd2 Be7 36.Bc3 f6 37.Rd7 Bc5 38.g3 Re6 39.Rc7 Bb6 40.Rb7 Rc6
41.Kg2 Bc7 42.a3 Bd6 43.Ra7 Bc5 44.Ra8 Bxa3 45.bxa3 Rxc3 46.Rxa6 Kg5 47.
Ra5+ Kg6 48.Ra7 h5 49.a4 Ra3 50.Ra5 Kh6 51.Ra8 Kg6 52.Ra7 Kh6 53.g4 hxg4 
54.hxg4 Kg5 55.Rxg7+ Kf4 56.Rf7 Rxa4 57.Rxf6+ Kxg4 58.Rb6 Rd4 59.Rb5 Ra4 
60.Rb8 Rc4 61.Rg8+ Kf4 62.Rf8+ Kg4 63.f3+ Kg5 64.Kg3 Rc1 65.Kf2 Rc3 66.Rb8
Kf4 67.Rb4+ Kf5 68.Kg3 Rc5 69.Rh4 Kg5 70.f4+ Kg6 71.Rh1 Rc3+ 72.Kg4 Rc4 
73.Rb1 Rc6 74.Rb5 Ra6 75.Rg5+ Kf6 76.Rh5 Kg6 77.f5+ Kg7 78.Kg5 Ra1 79.f6+ 
Kf7 80.Rh7+ Kg8 81.Rb7 Rg1+ 82.Kf5 Rf1+ 83.Ke6 Re1+ 84.Kd6 Kf8 85.Re7 
1/2-1/2

[Event "III Festival Marche Estate Magistrale"]
[Site "Falconara Marittima ITA"]
[Date "2005.07.19"]
[Round "3"]
[White "Rinaudo, Sergio"]
[Black "Rinaudo, Andrea"]
[Result "1/2-1/2"]
[WhiteElo "2087"]
[BlackElo "2130"]
[PlyCount "28"]
[EventDate "2005.07.18"]

1.d4 Nf6 2.Nf3 g6 3.Nbd2 Bg7 4.e4 d6 5.Bd3 O-O 6.O-O Nbd7 7.c3 e5 8.dxe5 
Nxe5 9.Nxe5 dxe5 10.Qc2 c6 11.Nc4 Qc7 12.Be3 b5 13.Nd2 Be6 14.Bc5 Rfd8 
1/2-1/2

[Event "III Festival Marche Estate Magistrale"]
[Site "Falconara Marittima ITA"]
[Date "2005.07.19"]
[Round "3"]
[White "Rossi, Aldo A."]
[Black "Pegoraro, Nicola"]
[Result "1/2-1/2"]
[WhiteElo "2154"]
[BlackElo "2085"]
[PlyCount "56"]
[EventDate "2005.07.18"]

1.d4 f5 2.Bg5 g6 3.h4 Bg7 4.Nc3 h6 5.Bf4 Nf6 6.Qd2 d6 7.O-O-O c6 8.e4 fxe4
9.f3 exf3 10.Bd3 Bf5 11.gxf3 Qd7 12.Nge2 Nh5 13.Rhg1 Bxd3 14.Qxd3 Qf5 15.
Qe3 Kd7 16.Rg4 Na6 17.Rdg1 Raf8 18.Rxg6 Nb4 19.Qd2 Nxf4 20.Rxg7 Nh5 21.
R7g6 Rf6 22.Rxf6 Nxf6 23.a3 Nbd5 24.Nxd5 Nxd5 25.c4 Nc7 26.Qe3 Qe6 27.
Qxe6+ Kxe6 28.Kd2 Kf7 1/2-1/2

[Event "III Festival Marche Estate Magistrale"]
[Site "Falconara Marittima ITA"]
[Date "2005.07.19"]
[Round "3"]
[White "Santurbano, Maria Vincenza"]
[Black "Del Dotto, Riccardo"]
[Result "0-1"]
[WhiteElo "2001"]
[BlackElo "2127"]
[PlyCount "90"]
[EventDate "2005.07.18"]

1.e4 e5 2.Nf3 Nf6 3.Nxe5 d6 4.Nf3 Nxe4 5.d4 d5 6.Bd3 Bd6 7.c4 c6 8.Nc3 
Nxc3 9.bxc3 O-O 10.Qc2 Re8+ 11.Be3 h6 12.Rb1 dxc4 13.Bxc4 b5 14.Be2 Be6 
15.O-O Bd5 16.Qd2 Nd7 17.h3 Nf6 18.Nh2 Ne4 19.Qb2 Qa5 20.Bf3 Qxa2 21.Qxa2 
Bxa2 22.Ra1 Bc4 23.Rfc1 a5 24.Bg4 Nf6 25.Bf3 Nd5 26.Nf1 a4 27.Nd2 a3 28.
Nxc4 bxc4 29.Bxd5 cxd5 30.Ra2 Rab8 31.Kf1 f5 32.Rca1 Rb3 33.Bd2 Kf7 34.f3 
Re7 35.Be1 Ra7 36.Bd2 Rab7 37.Ke2 Kf6 38.Kd1 f4 39.Kc2 g5 40.Be1 Re7 41.
Kd2 Re3 42.Rc2 Bb4 43.Rac1 Rbxc3 44.Rxc3 Rxc3 45.Rxc3 a2 0-1

[Event "III Festival Marche Estate Magistrale"]
[Site "Falconara Marittima ITA"]
[Date "2005.07.19"]
[Round "3"]
[White "Tomba, Ivan"]
[Black "Gardon, Ermanno"]
[Result "1-0"]
[WhiteElo "2232"]
[BlackElo "2178"]
[PlyCount "71"]
[EventDate "2005.07.18"]

1.e4 e6 2.d4 d5 3.e5 c5 4.c3 Nc6 5.Nf3 Nge7 6.a3 cxd4 7.cxd4 Nf5 8.Nc3 Bd7
9.b4 Rc8 10.Bb2 Be7 11.Bd3 g6 12.O-O a6 13.Na4 Na7 14.Re1 Bxa4 15.Qxa4+ 
Qd7 16.Qd1 b5 17.Qd2 Nc6 18.Rec1 Qb7 19.Rc2 h6 20.g4 Nh4 21.Nxh4 Bxh4 22.
f4 Bd8 23.f5 gxf5 24.gxf5 Nxe5 25.dxe5 Rg8+ 26.Kf2 d4 27.Rg1 Bg5 28.Rxc8+ 
Qxc8 29.Ke2 Qc7 30.Qc2 Qxe5+ 31.Kd1 Kd7 32.fxe6+ fxe6 33.Qe2 Qd5 34.h4 
Qb3+ 35.Qc2 Qxc2+ 36.Bxc2 1-0

[Event "III Festival Marche Estate Magistrale"]
[Site "Falconara Marittima ITA"]
[Date "2005.07.19"]
[Round "3"]
[White "Zilahi, Gabor"]
[Black "Padovani, Alessio"]
[Result "1/2-1/2"]
[WhiteElo "2117"]
[BlackElo "2008"]
[PlyCount "90"]
[EventDate "2005.07.18"]

1.d4 f5 2.g3 e6 3.Bg2 Nf6 4.Nh3 d5 5.Bg5 Be7 6.Bxf6 Bxf6 7.e3 O-O 8.Nd2 
Bd7 9.c4 c6 10.Qb3 Qb6 11.O-O Qxb3 12.axb3 Na6 13.Rfc1 g5 14.Bf1 Nc7 15.f4
g4 16.Nf2 Kf7 17.Nd3 Ke7 18.Ra3 Rfb8 19.Rca1 a6 20.Nc5 Kd8 21.b4 Be7 22.
Rb3 b6 23.Nd3 Bf6 24.Rba3 Bc8 25.Kf2 Bb7 26.c5 b5 27.Nb3 Bc8 28.h3 h5 29.
hxg4 hxg4 30.Bg2 Bd7 31.Rh1 Ne8 32.Rh7 Rb7 33.Ra1 Bc8 34.Rah1 Raa7 35.R7h6
Rf7 36.Ne5 Bxe5 37.dxe5 Rae7 38.Nd4 Kc7 39.Rg6 Rg7 40.Rgh6 Rgf7 41.Bf1 Kb7
42.Bd3 Nc7 43.Nb3 Bd7 44.Rh8 Re8 45.Rxe8 Nxe8 1/2-1/2

[Event "III Festival Marche Estate Magistrale"]
[Site "Falconara Marittima ITA"]
[Date "2005.07.20"]
[Round "4"]
[White "Brigati, Alessandro"]
[Black "Tomba, Ivan"]
[Result "0-1"]
[WhiteElo "2034"]
[BlackElo "2232"]
[PlyCount "126"]
[EventDate "2005.07.18"]

1.Nf3 d5 2.d4 c6 3.Bf4 Qb6 4.Qc1 Nf6 5.e3 Bf5 6.Nbd2 Nbd7 7.h3 h6 8.Be2 e6
9.O-O Be7 10.c4 O-O 11.c5 Qd8 12.b4 g5 13.Bh2 g4 14.hxg4 Nxg4 15.Bg3 Kh7 
16.Qc3 Rg8 17.Bd3 Bxd3 18.Qxd3+ f5 19.e4 dxe4 20.Nxe4 fxe4 21.Qxe4+ Rg6 
22.Rfe1 Qg8 23.Bh4 Ngf6 24.Qc2 Kh8 25.g3 Rg4 26.Qd2 Kh7 27.Qd3+ Qg6 28.
Qxg6+ Kxg6 29.Rxe6 Kf7 30.Rae1 Re8 31.Bxf6 Nxf6 32.Ne5+ Kxe6 33.Nxg4+ Kf5 
34.Ne5 Bd8 35.f4 Bc7 36.Kf2 Rg8 37.Kf3 Bxe5 38.dxe5 Nh5 39.e6 Rxg3+ 40.Kf2
Rg8 41.e7 Re8 42.Re5+ Kg6 43.Kf3 Nf6 44.a4 Kf7 45.Re2 Rxe7 46.Rb2 Re4 47.
f5 Rc4 48.b5 Rxc5 49.bxc6 Rxf5+ 50.Kg2 bxc6 51.Rb7+ Kg6 52.Rxa7 Rf4 53.Rc7
Rxa4 54.Rxc6 Kg5 55.Rb6 h5 56.Kh3 Ra3+ 57.Kg2 Ng4 58.Rb5+ Kh4 59.Rc5 Ra2+ 
60.Kg1 Ne3 61.Rc3 Re2 62.Ra3 Kg3 63.Ra1 Rd2 0-1

[Event "III Festival Marche Estate Magistrale"]
[Site "Falconara Marittima ITA"]
[Date "2005.07.20"]
[Round "4"]
[White "Capuano, Eugenio"]
[Black "Rago, Riccardo"]
[Result "1-0"]
[WhiteElo "2173"]
[BlackElo "2111"]
[PlyCount "99"]
[EventDate "2005.07.18"]

1.d4 Nf6 2.Nf3 g6 3.c4 Bg7 4.Nc3 O-O 5.e4 d6 6.Be2 e5 7.O-O Nc6 8.d5 Ne7 
9.b4 a5 10.Ba3 Ne8 11.c5 axb4 12.Bxb4 h6 13.Nd2 f5 14.f3 Bd7 15.Nc4 Nc8 
16.a4 f4 17.a5 Rf7 18.a6 dxc5 19.axb7 Rxa1 20.Qxa1 Ncd6 21.Bxc5 Nxb7 22.
Bf2 Nbd6 23.Rb1 Kh7 24.Qa7 Qf6 25.Nxd6 Qxd6 26.Nb5 Bxb5 27.Bxb5 Nf6 28.Bc5
Qd8 29.Bc4 Nd7 30.d6 Nxc5 31.Bxf7 Qxd6 32.Bd5 c6 33.Qb6 Nd7 34.Qxc6 Qxc6 
35.Bxc6 Nf8 36.Bd5 h5 37.Rb7 Kh6 38.Kf2 h4 39.h3 Nh7 40.Ke2 Nf6 41.Kd3 Nh5
42.Bf7 Bf6 43.Kc4 Ng7 44.Kd5 Kh5 45.Kd6 Kg5 46.Rb5 Nh5 47.Rxe5+ Bxe5+ 48.
Kxe5 Ng7 49.Bc4 Ne8 50.Ke6 1-0

[Event "III Festival Marche Estate Magistrale"]
[Site "Falconara Marittima ITA"]
[Date "2005.07.20"]
[Round "4"]
[White "Cecchetto, Vanni"]
[Black "Santurbano, Maria Vincenza"]
[Result "1-0"]
[WhiteElo "2019"]
[BlackElo "2001"]
[PlyCount "79"]
[EventDate "2005.07.18"]

1.Nf3 Nf6 2.c4 c5 3.d4 cxd4 4.Nxd4 e5 5.Nf3 Nc6 6.g3 Bb4+ 7.Bd2 e4 8.Bxb4 
Nxb4 9.Nfd2 e3 10.fxe3 Ng4 11.Qb3 Qe7 12.a3 Nc6 13.e4 Qc5 14.Qf3 Ne3 15.b4
Ne5 16.Qf4 Qd4 17.Ra2 N5xc4 18.Nxc4 Qxc4 19.Qe5+ Qe6 20.Qxg7 Rf8 21.Nc3 b6
22.h4 Ba6 23.Bh3 f5 24.Qg5 Rc8 25.Qxe3 Rxc3 26.Qxc3 Qxa2 27.O-O Qxe2 28.
Re1 Qc4 29.exf5+ Kf7 30.Qe3 Qc6 31.Qe7+ Kg8 32.Qg5+ Kh8 33.Bg2 Qd6 34.Qe7 
Qd4+ 35.Kh2 Rg8 36.f6 Qf2 37.Qe5 h6 38.f7+ Rg7 39.Qb8+ Bc8 40.Rf1 1-0

[Event "III Festival Marche Estate Magistrale"]
[Site "Falconara Marittima ITA"]
[Date "2005.07.20"]
[Round "4"]
[White "Del Dotto, Riccardo"]
[Black "Zilahi, Gabor"]
[Result "1-0"]
[WhiteElo "2127"]
[BlackElo "2117"]
[PlyCount "45"]
[EventDate "2005.07.18"]

1.e4 g6 2.d4 Bg7 3.Nc3 c6 4.Be3 b5 5.a3 d6 6.Nge2 a6 7.g3 Nd7 8.Bg2 Nb6 9.
O-O Rb8 10.f4 Nh6 11.h3 Bd7 12.f5 Ng8 13.b3 Rc8 14.Qd2 Qc7 15.Nf4 a5 16.
Qf2 Nh6 17.g4 c5 18.Ncd5 Nxd5 19.Nxd5 Qa7 20.f6 exf6 21.Bxh6 Bxh6 22.Qxf6 
O-O 23.Ne7# 1-0

[Event "III Festival Marche Estate Magistrale"]
[Site "Falconara Marittima ITA"]
[Date "2005.07.20"]
[Round "4"]
[White "Drazic, Sinisa"]
[Black "Dekker, Bart"]
[Result "1-0"]
[WhiteElo "2497"]
[BlackElo "2144"]
[PlyCount "69"]
[EventDate "2005.07.18"]

1.e4 c5 2.Nf3 d6 3.c3 Nc6 4.d4 Nf6 5.d5 Nb8 6.h3 e5 7.Bd3 Be7 8.c4 O-O 9.
Nc3 Ne8 10.g4 a6 11.a4 b6 12.Ne2 Ra7 13.Ng3 Rb7 14.b3 Nc7 15.Bd2 Bd7 16.
Qc2 Re8 17.Ke2 Bf8 18.Rag1 Qc8 19.Nh5 b5 20.a5 bxc4 21.bxc4 Nb5 22.cxb5 
axb5 23.Kf1 Na6 24.Kg2 Kh8 25.Rb1 c4 26.Be2 Nc5 27.Rb2 Be7 28.Ng3 Bd8 29.
Ra1 Ra7 30.Rbb1 Qa6 31.Nf5 Bc7 32.Bb4 g6 33.Ne3 Rea8 34.Kh2 Kg8 35.Ra3 1-0

[Event "III Festival Marche Estate Magistrale"]
[Site "Falconara Marittima ITA"]
[Date "2005.07.20"]
[Round "4"]
[White "Dvirnyy, Danyyil"]
[Black "Castrogiovanni, Carlo"]
[Result "1-0"]
[WhiteElo "2141"]
[BlackElo "2108"]
[PlyCount "94"]
[EventDate "2005.07.18"]

1.e4 c5 2.Nf3 a6 3.c4 e6 4.d4 cxd4 5.Nxd4 Qc7 6.Nc3 Nc6 7.Be3 Nf6 8.a3 b6 
9.Rc1 Bc5 10.b4 Bxd4 11.Bxd4 Nxd4 12.Qxd4 d6 13.Rd1 Ke7 14.Be2 Bb7 15.O-O 
Rhd8 16.Rd2 Bc6 17.Rc1 Qb7 18.f3 Kf8 19.Rcd1 Qc7 20.Qe3 Rd7 21.Rc1 Rb8 22.
Qf4 b5 23.Rcd1 e5 24.Qe3 Nh5 25.c5 Nf4 26.Rxd6 Rbd8 27.Rxd7 Rxd7 28.g3 Ne6
29.Rxd7 Qxd7 30.Qd3 Nd4 31.Bf1 Qe7 32.Ne2 Ne6 33.Bh3 Ng5 34.Bc8 a5 35.h4 
Ne6 36.Bxe6 Qxe6 37.Qd8+ Be8 38.Nc3 axb4 39.axb4 Qd7 40.Qxd7 Bxd7 41.Nd5 
h5 42.Kf2 f6 43.f4 Kf7 44.f5 g6 45.fxg6+ Kxg6 46.c6 Be6 47.c7 Kf7 1-0

[Event "III Festival Marche Estate Magistrale"]
[Site "Falconara Marittima ITA"]
[Date "2005.07.20"]
[Round "4"]
[White "Foglia, Maurizio"]
[Black "Gardon, Ermanno"]
[Result "1-0"]
[WhiteElo "2114"]
[BlackElo "2178"]
[PlyCount "55"]
[EventDate "2005.07.18"]

1.Nf3 Nf6 2.b3 g6 3.Bb2 Bg7 4.e3 O-O 5.c4 d6 6.Be2 Nbd7 7.d4 c6 8.Nbd2 Re8
9.Qc2 e5 10.dxe5 dxe5 11.Rd1 Qc7 12.O-O a5 13.a3 Nc5 14.e4 Nh5 15.Rfe1 f5 
16.Nh4 Nf4 17.exf5 Qe7 18.g3 gxf5 19.Nxf5 Bxf5 20.Qxf5 Rf8 21.Qc2 Nh3+ 22.
Kg2 Nxf2 23.Rb1 Qe6 24.Rf1 Qh3+ 25.Kg1 Bh6 26.Qc3 Nfe4 27.Nxe4 Nxe4 28.
Qxe5 1-0